Central Library OPAC University of Rajshahi

Basic modern philosophy of religion / (Record no. 31557)

MARC details
000 -LEADER
fixed length control field 00891cam a2200265 a 4500
001 - CONTROL NUMBER
control field 31557
003 - CONTROL NUMBER IDENTIFIER
rucl marc code BD-RjUL
005 - DATE AND TIME OF LATEST TRANSACTION
control field 20211209051722.0
008 - FIXED-LENGTH DATA ELEMENTS--GENERAL INFORMATION
fixed length control field 140420s19681967enk b 001 0 eng d
020 ## - INTERNATIONAL STANDARD BOOK NUMBER
International Standard Book Number 0041000161
035 ## - SYSTEM CONTROL NUMBER
System control number (OCoLC)229904648
-- (BD-RjUL)31645
040 ## - CATALOGING SOURCE
Original cataloging agency DLC
Transcribing agency DLC
Modifying agency m.c
Language of cataloging eng
041 ## - LANGUAGE CODE
Language code of text/sound track or separate title eng
082 ## - DEWEY DECIMAL CLASSIFICATION NUMBER
Classification number 200.1
Author mark and year FEB 1968
100 1# - MAIN ENTRY--PERSONAL NAME
Personal name Ferre, Frederick.
9 (RLIN) 96043
245 10 - TITLE STATEMENT
Title Basic modern philosophy of religion /
Statement of responsibility, etc. Frederick Ferre.
260 ## - PUBLICATION, DISTRIBUTION, ETC. (IMPRINT)
Place of publication, distribution, etc. London :
Name of publisher, distributor, etc. Allen & Unwin,
Date of publication, distribution, etc. c1967 [Reprint 1968].
300 ## - PHYSICAL DESCRIPTION
Pagination viii, 465 p. ;
Size 23 cm.
504 ## - BIBLIOGRAPHY, ETC. NOTE
Bibliography, etc Includes bibliographical references and indexes
505 0# - FORMATTED CONTENTS NOTE
Formatted contents note Pt. 1. Meanings and methods -- pt. 2. Modern philosophy and belief in God -- pt. 3. Contemporary issues of metareligious thought.
650 #0 - SUBJECT ADDED ENTRY--TOPICAL TERM
Topical term or geographic name as entry element Religion
General subdivision Philosophy
9 (RLIN) 4031
942 ## - ADDED ENTRY ELEMENTS (KOHA)
Source of classification or shelving scheme Dewey Decimal Classification
Koha item type Books
Holdings
Lost status Source of classification or shelving scheme Damaged status Not for loan Collection code Permanent Location Current Location Shelving location Date acquired Source of acquisition Cost, normal purchase price Total Checkouts Full call number Date last seen Copy number Koha item type
  Dewey Decimal Classification   Not For Loan Non-fiction Central Library, University of Rajshahi Central Library, University of Rajshahi Reading Room 13/07/1972 Book Center 55.00   200.1 FEB 1968 20/04/2014 C-1 Books